000 00858pam a2200253 a 4500
001 1579824
005 20180312054531.0
008 930727s1994 pauab b 001 0 eng c
010 _a 93031374
020 _a039751221X
040 _aDNLM/DLC
_cDLC
_dDLC
041 _aeng
060 0 _aWS 100 P9574 1994
080 _a618.92 FRA
082 0 0 _a618.92 FRA
_220
100 _a8
101 _aPED
245 0 0 _aPrinciples and practice of pediatrics /
_ceditor-in-chief, Frank A. Oski ; editors, Catherine D. DeAngelis ... [et al.] ; 284 contributors.
504 _aIncludes bibliographical references and index.
740 0 _aPediatrics.
906 _a7
_bcbc
_corignew
_d1
_eocip
_f19
_gy-gencatlg
942 _2ddc
_cBK
999 _c44695
_d44695